Giáo trình pháp luật tài chính công

Cuốn sách đề cập một số nội dung pháp lý điều chỉnh một số hoạt động trong lĩnh vực tài chính công sẽ cung cấp cho người đọc những kiến thức cơ bản về các vấn đề ngân sách và pháp luật về thuế của Việt Nam hiện nay....

全面介绍

Đã lưu trong:
书目详细资料
主要作者: Nguyễn, Minh Hằng
格式: 图书
语言:Undetermined
出版: Hà Nội Giáo dục Việt Nam 2011
主题:
标签: 添加标签
没有标签, 成为第一个标记此记录!
Thư viện lưu trữ: Trung tâm Học liệu Trường Đại học Cần Thơ
LEADER 01088nam a2200217Ia 4500
001 CTU_179801
008 210402s9999 xx 000 0 und d
020 |c 49000 
082 |a 346.59707 
082 |b H116 
100 |a Nguyễn, Minh Hằng 
245 0 |a Giáo trình pháp luật tài chính công 
245 0 |c Nguyễn Minh Hằng (chủ biên) ; Phạm Thị Giang Thu (biên soạn) ... [et al.] 
260 |a Hà Nội 
260 |b Giáo dục Việt Nam 
260 |c 2011 
520 |a Cuốn sách đề cập một số nội dung pháp lý điều chỉnh một số hoạt động trong lĩnh vực tài chính công sẽ cung cấp cho người đọc những kiến thức cơ bản về các vấn đề ngân sách và pháp luật về thuế của Việt Nam hiện nay. 
650 |a Commercial law,Luật thương mại Việt Nam 
650 |z Vietnam 
904 |i Kim Linh, Dương Ngọc, Qhieu sua 
980 |a Trung tâm Học liệu Trường Đại học Cần Thơ